Plan de lucha contra la pobreza : (Registro nro. 8569)

Detalles MARC
000 -LEADER
fixed length control field 00841nam a2200241Ia 4500
003 - CONTROL NUMBER IDENTIFIER
control field OSt
005 - DATE AND TIME OF LATEST TRANSACTION
control field 20210913152553.0
008 - FIXED-LENGTH DATA ELEMENTS--GENERAL INFORMATION
fixed length control field 210310s1989 ck fr 000 0 spa d
040 ## - CATALOGING SOURCE
Original cataloging agency CO-JMCR
Transcribing agency CO-JMCR
041 0# - LANGUAGE CODE
Language code of text/sound track or separate title spa
082 04 - DEWEY DECIMAL CLASSIFICATION NUMBER
Classification number 339.46 /
Item number G748p
Edition number 23
100 1# - MAIN ENTRY--PERSONAL NAME
Personal name Granada Rodríguez, José,
9 (RLIN) 17653
Relator term autor
245 10 - TITLE STATEMENT
Title Plan de lucha contra la pobreza :
Remainder of title informe de avance 1988-1989 /
Statement of responsibility, etc. José Granada Rodríguez
250 ## - EDITION STATEMENT
Edition statement Primera edición
260 ## - PUBLICATION, DISTRIBUTION, ETC.
Place of publication, distribution, etc. Bogotá :
Name of publisher, distributor, etc. Presidencia de la República,
Date of publication, distribution, etc. 1989
300 ## - PHYSICAL DESCRIPTION
Extent 158 páginas ;
Dimensions 22 cm.
500 ## - GENERAL NOTE
General note Incluye notas a pie de página.
505 0# - FORMATTED CONTENTS NOTE
Formatted contents note Las realizaciones -- Programación CONPES para 1989
650 14 - SUBJECT ADDED ENTRY--TOPICAL TERM
Topical term or geographic name entry element Pobreza
9 (RLIN) 17655
Geographic subdivision Colombia
650 24 - SUBJECT ADDED ENTRY--TOPICAL TERM
Topical term or geographic name entry element Seguridad social
Geographic subdivision Colombia
9 (RLIN) 7785
650 24 - SUBJECT ADDED ENTRY--TOPICAL TERM
Topical term or geographic name entry element Planes de desarrollo
Chronological subdivision 1986-1990
Geographic subdivision Colombia
9 (RLIN) 40308
942 ## - ADDED ENTRY ELEMENTS (KOHA)
Source of classification or shelving scheme Dewey Decimal Classification
Koha item type Books
Existencias
Withdrawn status Lost status Source of classification or shelving scheme Damaged status Not for loan Collection code Home library Current library Date acquired Source of acquisition Full call number Barcode Date last seen Copy number Koha item type
    Dewey Decimal Classification     Non-fiction Biblioteca Pública José María del Castillo y Rada Biblioteca Pública José María del Castillo y Rada 04/15/2018 Donación 339.46 / G748p 430000489 05/16/2024 Ej.1 Books